MARC

LEADER 00000nam0a2200000 4500
001 323445
005 20231102003554.0
035 |a (RuTPU)RU\TPU\book\349032 
090 |a 323445 
100 |a 20161019d1952 km y0rusy50 ca 
101 0 |a rus 
102 |a RU 
105 |a ac z 000zb 
200 1 |a В мире больших молекул  |f Б. Я. Розен 
210 |a Москва  |c Госкультпросветиздат  |d 1952 
215 |a 206 с.  |c ил. 
600 1 |a Ломоносов  |g Михаил Васильевич  |b М. В.  |c учёный-естествоиспытатель, поэт, историк, художник, деятель просвещения, науки и экономики  |f 1711-1765  |2 stltpush  |3 (RuTPU)RU\TPU\pers\975 
600 1 |a Бутлеров  |b А. М.  |g Александр Михайлович  |c химик-органик  |f 1828-1886  |c академик Петербургской АН  |2 stltpush  |3 (RuTPU)RU\TPU\pers\4379 
606 1 |a Молекулы  |x Строение  |x (химия)  |2 stltpush  |3 (RuTPU)RU\TPU\subj\44274  |9 63634 
610 1 |a большие молекулы 
610 1 |a структура 
610 1 |a целлюлозные материалы 
610 1 |a волокно 
610 1 |a каучук 
610 1 |a катализаторы 
610 1 |a новые материалы 
610 1 |a химическая технология 
610 1 |a пластмассы 
610 1 |a клеи 
610 1 |a лаки 
610 1 |a пена 
675 |a 544.12/.13  |v 4 
700 1 |a Розен  |b Б. Я. 
801 1 |a RU  |b 63413507  |c 20161019 
801 2 |a RU  |b 63413507  |c 20200318  |g RCR 
942 |c BK